[Event "Montreal op"]
[Site "Montreal CAN"]
[Date "2018.09.09"]
[Round "5.11"]
[White "Saine, Zachary"]
[Black "Jacquet, Stephane"]
[Result "1-0"]
[WhiteElo "2010"]
[BlackElo "2059"]
[PlyCount "99"]
[EventDate "2018.09.07"]
[EventType "swiss"]
[EventRounds "5"]
[EventCountry "CAN"]

1. e4 d6 2. d4 Nf6 3. Nc3 g6 4. Nf3 Bg7 5. Bd3 O-O 6. O-O Nc6 7. h3 e5 8. dxe5
Nxe5 9. Nxe5 dxe5 10. Be3 c6 11. a4 Nh5 12. Qc1 Qc7 13. Ne2 Be6 14. f4 exf4 15.
Nxf4 Nxf4 16. Bxf4 Qb6+ 17. Be3 Bxb2 18. Bxb6 Bxc1 19. Bc5 Bh6 20. Bxf8 Bxf8
21. Rab1 b6 22. Rfd1 a5 23. Kf1 Bc5 24. Ke2 h5 25. Kf3 Kf8 26. Be2 Ke7 27. g4
hxg4+ 28. hxg4 Ba3 29. Ra1 Bd6 30. Rh1 Ra7 31. Rad1 Ra8 32. Rh7 Ba3 33. Kf4
Bd6+ 34. e5 Bb4 35. Bf3 Bd7 36. Be4 Rg8 37. Rxd7+ Kxd7 38. Rxf7+ Ke6 39. Rf6+
Ke7 40. Bxg6 Rf8 41. g5 Bd2+ 42. Kg4 Rxf6 43. exf6+ Ke6 44. Be4 b5 45. Bxc6
bxa4 46. Bxa4 Bc3 47. Kh5 Kf7 48. Bb3+ Kf8 49. Kg6 Bd4 50. Kf5 1-0

[Event "National Capital op"]
[Site "Ottawa CAN"]
[Date "2018.11.16"]
[Round "1"]
[White "Cova, Ramon"]
[Black "Tomb, Maroun"]
[Result "0-1"]
[WhiteElo "2013"]
[BlackElo "2302"]
[PlyCount "96"]
[EventDate "2018.11.16"]
[EventType "swiss"]
[EventRounds "5"]
[EventCountry "CAN"]

1. d4 d6 2. Nf3 Nf6 3. Nc3 Nbd7 4. e4 e5 5. Bc4 Be7 6. O-O c6 7. Bb3 h6 8. dxe5
dxe5 9. Qe2 O-O 10. h3 Qc7 11. Be3 b5 12. a3 a5 13. Nd2 Ba6 14. Nd1 a4 15. Ba2
c5 16. f3 Rfd8 17. Nf2 c4 18. c3 Nh5 19. Kh2 Nf4 20. Qe1 Nc5 21. Bxf4 exf4 22.
Rd1 Bh4 23. Bb1 Qe5 24. Qe2 h5 25. Rfe1 Rd6 26. Nf1 Rad8 27. Rd5 Bg3+ 28. Kg1
Rxd5 29. exd5 Qxe2 30. Rxe2 g6 31. Nxg3 fxg3 32. Ne4 Kf8 33. Nxc5 Rxd5 34. Nd3
cxd3 35. Rd2 b4 36. axb4 Bc4 37. Kf1 Ke7 38. Ke1 Kf6 39. Kd1 Ke5 40. b5 Kf4 41.
b6 Ke3 42. Ke1 Rb5 43. Kd1 Rxb6 44. Kc1 g5 45. Rd1 Rd6 46. Re1+ Kf2 47. Kd2
Kxg2 48. Re4 Kxf3 0-1

[Event "National Capital op"]
[Site "Ottawa CAN"]
[Date "2018.11.16"]
[Round "1"]
[White "Dukic, Zachary"]
[Black "Miller, Rachel"]
[Result "1-0"]
[WhiteElo "2315"]
[BlackElo "2048"]
[PlyCount "97"]
[EventDate "2018.11.16"]
[EventType "swiss"]
[EventRounds "5"]
[EventCountry "CAN"]

1. e4 e5 2. Nf3 Nc6 3. Bb5 a6 4. Ba4 Nf6 5. O-O b5 6. Bb3 Be7 7. d3 d6 8. a3
O-O 9. Nc3 h6 10. h3 Be6 11. Nd5 Re8 12. c3 Bf8 13. Re1 Na5 14. Nxf6+ Qxf6 15.
Bxe6 Qxe6 16. Be3 c5 17. b4 Nc6 18. Qe2 a5 19. a4 axb4 20. axb5 Na5 21. cxb4
cxb4 22. Ra4 d5 23. Rea1 d4 24. Bd2 Qb6 25. Bxb4 Bxb4 26. Rxb4 Nc6 27. Rxa8
Rxa8 28. Rb2 Ra1+ 29. Kh2 Na7 30. Qc2 Nxb5 31. Qc8+ Kh7 32. Qf5+ Kg8 33. Qxe5
Ra5 34. Qe8+ Kh7 35. Qxf7 Qa6 36. Qf5+ Kg8 37. Qd5+ Kh7 38. e5 Nc7 39. Qxd4 Qg6
40. Qc3 Ra7 41. Qc5 Qa6 42. d4 Ne6 43. Qc2+ g6 44. d5 Nf4 45. Qe4 Nd3 46. Rc2
Qa3 47. d6 Nc5 48. Qd5 Nd3 49. d7 1-0

[Event "National Capital op"]
[Site "Ottawa CAN"]
[Date "2018.11.16"]
[Round "1"]
[White "Gordon, David"]
[Black "Mohamed, Ehab"]
[Result "1-0"]
[WhiteElo "2301"]
[BlackElo "1992"]
[PlyCount "85"]
[EventDate "2018.11.16"]
[EventType "swiss"]
[EventRounds "5"]
[EventCountry "CAN"]

1. d4 d5 2. Bf4 Nf6 3. e3 g6 4. c4 c6 5. Nc3 Bg7 6. Qb3 O-O 7. Nf3 e6 8. h3
Nbd7 9. cxd5 exd5 10. Bd3 Re8 11. O-O Qb6 12. Qc2 Nf8 13. Rfc1 Qd8 14. b4 Qe7
15. Rab1 Ne4 16. b5 Nxc3 17. Qxc3 Bd7 18. Qb3 Ne6 19. Bg3 Red8 20. bxc6 Bxc6
21. Bh4 g5 22. Bg3 Rac8 23. a4 h5 24. a5 Bf8 25. Bf5 h4 26. Bh2 Re8 27. Ne5 Qa3
28. Qxa3 Bxa3 29. Rc3 Bd6 30. Nxc6 Bxh2+ 31. Kxh2 Rxc6 32. Rxc6 bxc6 33. Rb7 c5
34. dxc5 Nxc5 35. Rxa7 Ne4 36. Rc7 Ra8 37. Rc8+ Rxc8 38. Bxc8 Nd6 39. Bb7 f5
40. Bxd5+ Kg7 41. Be6 Kf6 42. Bd7 Ke7 43. a6 1-0

[Event "National Capital op"]
[Site "Ottawa CAN"]
[Date "2018.11.16"]
[Round "1"]
[White "Latreille, Etienne"]
[Black "Pace, Christopher"]
[Result "0-1"]
[WhiteElo "1975"]
[BlackElo "2247"]
[PlyCount "58"]
[EventDate "2018.11.16"]
[EventType "swiss"]
[EventRounds "5"]
[EventCountry "CAN"]

1. d4 g6 2. c3 Bg7 3. Bf4 d6 4. e3 Nf6 5. Nf3 O-O 6. Bc4 Nbd7 7. h3 Qe8 8. O-O
e5 9. dxe5 dxe5 10. Bh2 e4 11. Ng5 Nb6 12. Bxf7+ Rxf7 13. Nxf7 Qxf7 14. Nd2 Bf5
15. Qc2 h5 16. Nb3 Be6 17. Nc5 Bd5 18. Nb3 Bc4 19. Rfd1 Bd3 20. Qc1 Qe7 21. Nd2
Re8 22. a4 a5 23. b3 Nfd5 24. c4 Nc3 25. Re1 Ne2+ 26. Rxe2 Bxe2 27. Ra2 Bd3 28.
Nf1 Be5 29. g3 Qb4 0-1

[Event "National Capital op"]
[Site "Ottawa CAN"]
[Date "2018.11.16"]
[Round "1"]
[White "Sadeghi, Saeid"]
[Black "Sambuev, Bator"]
[Result "0-1"]
[WhiteElo "2131"]
[BlackElo "2559"]
[PlyCount "58"]
[EventDate "2018.11.16"]
[EventType "swiss"]
[EventRounds "5"]
[EventCountry "CAN"]

1. d4 d5 2. c4 e6 3. Nc3 Nf6 4. cxd5 exd5 5. Bg5 Be7 6. e3 c6 7. Bd3 O-O 8. Qc2
Nbd7 9. Nge2 Re8 10. O-O Nf8 11. Ng3 g6 12. Rad1 Ne6 13. Bxf6 Bxf6 14. f4 Ng7
15. Qd2 Bh4 16. Nce2 Bg4 17. Rc1 Qe7 18. Kf2 Nh5 19. Ng1 Qd7 20. Nf3 Bxf3 21.
Kxf3 Bxg3 22. hxg3 Nf6 23. f5 Re7 24. Rce1 Rae8 25. Rh1 Re4 26. fxg6 fxg6 27.
Rh4 Rf8 28. Ke2 Rxh4 29. gxh4 Qg4+ 0-1

[Event "National Capital op"]
[Site "Ottawa CAN"]
[Date "2018.11.17"]
[Round "2"]
[White "Collins, Chris"]
[Black "Pace, Anthony"]
[Result "0-1"]
[WhiteElo "2028"]
[BlackElo "1918"]
[PlyCount "90"]
[EventDate "2018.11.16"]
[EventType "swiss"]
[EventRounds "5"]
[EventCountry "CAN"]

1. e4 g6 2. h4 Bg7 3. h5 Nc6 4. Nc3 d6 5. Bb5 Bd7 6. Nge2 e5 7. d3 g5 8. Be3 h6
9. d4 Nf6 10. d5 Ne7 11. Ng3 Bxb5 12. Nxb5 a6 13. Nc3 Qd7 14. Qf3 b5 15. O-O-O
b4 16. Nb1 Rf8 17. Qe2 Qa4 18. Qc4 Kd7 19. Nd2 Rfc8 20. Qb3 Qb5 21. Nc4 Rab8
22. Qd3 Ke8 23. Kb1 a5 24. Rc1 Kf8 25. Rhd1 Kg8 26. f3 Ne8 27. Bf2 c6 28. dxc6
Rxc6 29. Ne3 Qb7 30. Nef5 Nxf5 31. Nxf5 Bf8 32. g3 Rc3 33. Qe2 a4 34. Ka1 b3
35. cxb3 Rxb3 36. axb3 axb3 37. Rc3 Qa7+ 38. Kb1 Qa2+ 39. Kc1 Qa1+ 40. Kd2
Qxb2+ 41. Kd3 Qa3 42. Qe3 d5 43. exd5 Qa6+ 44. Rc4 b2 45. Rb1 Rb3+ 0-1

[Event "National Capital op"]
[Site "Ottawa CAN"]
[Date "2018.11.17"]
[Round "2"]
[White "Pace, Christopher"]
[Black "Dukic, Zachary"]
[Result "0-1"]
[WhiteElo "2247"]
[BlackElo "2315"]
[PlyCount "112"]
[EventDate "2018.11.16"]
[EventType "swiss"]
[EventRounds "5"]
[EventCountry "CAN"]

1. d4 Nf6 2. Nf3 g6 3. g3 Bg7 4. Bg2 O-O 5. O-O d6 6. c4 Nc6 7. Nc3 a6 8. d5
Na5 9. Qd3 c5 10. Bd2 Rb8 11. Rac1 b5 12. b3 e6 13. Bg5 bxc4 14. bxc4 h6 15.
Bxf6 Bxf6 16. Nd2 e5 17. Rb1 Bd7 18. Rxb8 Qxb8 19. Rb1 Qc7 20. Nce4 Bd8 21. Qa3
f5 22. Nc3 Qa7 23. e3 Bc7 24. Bf1 Rb8 25. Nb3 Nxb3 26. Rxb3 Rxb3 27. Qxb3 Qb6
28. Bh3 Qb4 29. e4 Ba5 30. Qxb4 cxb4 31. Nd1 Bb6 32. Nb2 Bd4 33. Nd3 fxe4 34.
Bxd7 exd3 35. Kf1 e4 36. Bh3 a5 37. Bg2 a4 38. Bxe4 b3 39. a3 Bc5 40. Bxd3 Bxa3
41. c5 dxc5 42. Bc4 Kf8 43. Ke2 Bb2 44. d6 Be5 45. d7 Ke7 46. Kd3 Bd4 47. f3
Bg1 48. h3 Bh2 49. g4 Be5 50. Ke4 b2 51. Ba2 Bg7 52. Kd5 Bd4 53. Kc6 c4 54. Kc7
Bb6+ 55. Kxb6 Kxd7 56. Kb5 c3 0-1

[Event "National Capital op"]
[Site "Ottawa CAN"]
[Date "2018.11.17"]
[Round "2"]
[White "Sambuev, Bator"]
[Black "Dunne, Francesco"]
[Result "1-0"]
[WhiteElo "2559"]
[BlackElo "2224"]
[PlyCount "63"]
[EventDate "2018.11.16"]
[EventType "swiss"]
[EventRounds "5"]
[EventCountry "CAN"]

1. d4 Nf6 2. Nf3 e6 3. e3 c5 4. Bd3 d5 5. b3 Nc6 6. O-O Bd6 7. Bb2 O-O 8. a3 b6
9. Nbd2 Bb7 10. Qe2 Rc8 11. dxc5 Bxc5 12. b4 Be7 13. c4 a5 14. b5 Nb8 15. Rfd1
Nbd7 16. Rac1 Nc5 17. Bc2 Qe8 18. Ng5 g6 19. cxd5 Bxd5 20. e4 Bb7 21. Qf3 Nh5
22. h4 Qxb5 23. Ba1 f5 24. a4 Qc6 25. Bb3 fxe4 26. Qe3 Nf4 27. Ngxe4 Rcd8 28.
f3 Rd3 29. Qe1 Ba6 30. Kh1 Rfd8 31. Nxc5 Bxc5 32. Qe5 1-0

[Event "National Capital op"]
[Site "Ottawa CAN"]
[Date "2018.11.17"]
[Round "2"]
[White "Simic, Dusan"]
[Black "Gordon, David"]
[Result "1/2-1/2"]
[WhiteElo "2158"]
[BlackElo "2301"]
[PlyCount "65"]
[EventDate "2018.11.16"]
[EventType "swiss"]
[EventRounds "5"]
[EventCountry "CAN"]

1. e4 c5 2. d3 Nc6 3. Nf3 Nf6 4. g3 d5 5. Nbd2 dxe4 6. dxe4 b6 7. Bg2 Ba6 8. e5
Nd5 9. c4 Nc7 10. O-O Bb7 11. Ng5 h6 12. Nh3 g5 13. Qh5 Ne6 14. f4 Qd4+ 15. Kh1
Ng7 16. Qe2 g4 17. Qxg4 Nxe5 18. Qe2 Nc6 19. Nf3 Qf6 20. Nf2 Nf5 21. Ng4 Qd6
22. Rd1 Nfd4 23. Nxd4 cxd4 24. f5 Bg7 25. Bf4 e5 26. Nxe5 Bxe5 27. Bxe5 Qxe5
28. Qxe5+ Nxe5 29. Bxb7 Rd8 30. Re1 f6 31. Rad1 Kf8 32. Bd5 d3 33. Kg2 1/2-1/2

[Event "National Capital op"]
[Site "Ottawa CAN"]
[Date "2018.11.17"]
[Round "2"]
[White "Tomb, Maroun"]
[Black "Adriaanse, Adam"]
[Result "1-0"]
[WhiteElo "2302"]
[BlackElo "2177"]
[PlyCount "81"]
[EventDate "2018.11.16"]
[EventType "swiss"]
[EventRounds "5"]
[EventCountry "CAN"]

1. e4 c5 2. Ne2 Nf6 3. Nbc3 d5 4. exd5 Nxd5 5. g3 Nxc3 6. Nxc3 h5 7. Bg2 Bg4 8.
f3 Bf5 9. g4 Bg6 10. f4 Qd7 11. h3 e6 12. d3 Be7 13. Be3 Nc6 14. O-O hxg4 15.
hxg4 O-O-O 16. Ne4 Nd4 17. c3 f5 18. Nf2 Nc6 19. g5 Bh5 20. Qa4 Kb8 21. Rfe1
Bd6 22. b4 cxb4 23. cxb4 e5 24. fxe5 Bxe5 25. Bxa7+ Nxa7 26. Qxd7 Rxd7 27. Rxe5
Rf8 28. b5 Nc8 29. a4 g6 30. a5 Nd6 31. b6 f4 32. Rae1 f3 33. Bh3 Nf5 34. Ne4
Rxd3 35. Nf6 Ng7 36. Re7 f2+ 37. Kxf2 Rxh3 38. Rxg7 Rc8 39. Rc7 Rf3+ 40. Kg2
Rc3 41. Rxc3 1-0

[Event "National Capital op"]
[Site "Ottawa CAN"]
[Date "2018.11.17"]
[Round "3"]
[White "Dukic, Zachary"]
[Black "Tomb, Maroun"]
[Result "1-0"]
[WhiteElo "2315"]
[BlackElo "2302"]
[PlyCount "61"]
[EventDate "2018.11.16"]
[EventType "swiss"]
[EventRounds "5"]
[EventCountry "CAN"]

1. e4 d6 2. d4 Nf6 3. Nc3 e5 4. Nf3 Nbd7 5. Bc4 Be7 6. O-O c6 7. a4 h6 8. h3
Qc7 9. Re1 g5 10. a5 Nf8 11. d5 Ng6 12. Bb3 a6 13. dxc6 bxc6 14. Nd2 g4 15.
hxg4 Bxg4 16. f3 Be6 17. Bxe6 fxe6 18. Nb3 Nh5 19. Be3 Bh4 20. Re2 Ngf4 21. Rd2
Qg7 22. g4 Nf6 23. Rxd6 h5 24. Bxf4 hxg4 25. fxg4 exf4 26. Rxe6+ Kf7 27. Rxc6
Nxg4 28. Rc7+ Be7 29. Qd5+ Kg6 30. Qe6+ Nf6 31. Rxe7 1-0

[Event "National Capital op"]
[Site "Ottawa CAN"]
[Date "2018.11.17"]
[Round "3"]
[White "Dunne, Francesco"]
[Black "Miller, Rachel"]
[Result "1/2-1/2"]
[WhiteElo "2224"]
[BlackElo "2048"]
[PlyCount "98"]
[EventDate "2018.11.16"]
[EventType "swiss"]
[EventRounds "5"]
[EventCountry "CAN"]

1. e4 e5 2. Nf3 Nc6 3. Bb5 a6 4. Ba4 Nf6 5. O-O b5 6. Bb3 Be7 7. Re1 O-O 8. c3
d6 9. d4 Bg4 10. d5 Nb8 11. h3 Bh5 12. Nbd2 Nbd7 13. Nf1 Nb6 14. Ng3 Bg6 15. a4
bxa4 16. Bxa4 Nfd7 17. Bc6 Rb8 18. Rxa6 Nc5 19. Ra1 f5 20. exf5 Bxf5 21. Nxf5
Rxf5 22. b4 Ncd7 23. Bb5 Rf8 24. Bd3 Qe8 25. Bg5 Rxf3 26. Qxf3 Bxg5 27. Qf5 Qg6
28. Qxg6 hxg6 29. c4 Bd2 30. Reb1 Rb7 31. Ra2 Bg5 32. Rba1 Kf7 33. Ra7 Rxa7 34.
Rxa7 Bd8 35. Kf1 e4 36. Be2 Ne5 37. c5 Nxd5 38. cxd6 Ke6 39. dxc7 Bxc7 40. b5
Kd6 41. Ra4 Nc3 42. Ra6+ Kc5 43. Re6 Nxb5 44. Bxb5 Kxb5 45. Re7 Kc6 46. Rxg7
Bd8 47. Ke2 Kd5 48. g4 Bg5 49. Rh7 Bf4 1/2-1/2

[Event "National Capital op"]
[Site "Ottawa CAN"]
[Date "2018.11.17"]
[Round "3"]
[White "Gordon, David"]
[Black "Pace, Anthony"]
[Result "1-0"]
[WhiteElo "2301"]
[BlackElo "1918"]
[PlyCount "43"]
[EventDate "2018.11.16"]
[EventType "swiss"]
[EventRounds "5"]
[EventCountry "CAN"]

1. d4 Nf6 2. Bg5 d6 3. Nc3 g6 4. Bxf6 exf6 5. g3 Nc6 6. Bg2 Bd7 7. e3 Bg7 8.
Nge2 O-O 9. O-O Re8 10. Nd5 b5 11. a4 b4 12. a5 Rb8 13. Qd2 Qc8 14. Nef4 Rb5
15. Nd3 Nxa5 16. N5xb4 c6 17. Ra2 d5 18. b3 Bf8 19. Rfa1 Qb8 20. Nxd5 Nxb3 21.
Nxf6+ Kh8 22. cxb3 1-0

[Event "National Capital op"]
[Site "Ottawa CAN"]
[Date "2018.11.17"]
[Round "3"]
[White "Khan, Alexandre"]
[Black "Pace, Christopher"]
[Result "0-1"]
[WhiteElo "1841"]
[BlackElo "2247"]
[PlyCount "48"]
[EventDate "2018.11.16"]
[EventType "swiss"]
[EventRounds "5"]
[EventCountry "CAN"]

1. e4 g6 2. d4 Bg7 3. Nf3 d6 4. Be3 a6 5. h3 Nf6 6. Nc3 O-O 7. Qd2 b5 8. Bh6 b4
9. Bxg7 Kxg7 10. e5 bxc3 11. exf6+ exf6 12. bxc3 Re8+ 13. Be2 Qe7 14. Kd1 Bb7
15. Re1 Nd7 16. Rb1 Rab8 17. Rb3 Nb6 18. Bxa6 Bxf3+ 19. gxf3 Qd7 20. Rxe8 Rxe8
21. Bb5 c6 22. Bf1 Qa7 23. Qc1 c5 24. Qb2 Qe7 0-1

[Event "National Capital op"]
[Site "Ottawa CAN"]
[Date "2018.11.17"]
[Round "3"]
[White "Yao, Houji"]
[Black "Sambuev, Bator"]
[Result "0-1"]
[WhiteElo "2147"]
[BlackElo "2559"]
[PlyCount "80"]
[EventDate "2018.11.16"]
[EventType "swiss"]
[EventRounds "5"]
[EventCountry "CAN"]

1. e4 e6 2. d4 d5 3. Nd2 c5 4. exd5 exd5 5. Ngf3 Nf6 6. Bb5+ Bd7 7. Qe2+ Be7 8.
O-O O-O 9. dxc5 Bxc5 10. Nb3 Re8 11. Qd3 Bb6 12. Bg5 Nc6 13. c3 h6 14. Bf4 Re4
15. Qd2 Re6 16. Rad1 Ne5 17. Nbd4 Bxb5 18. Nxe6 fxe6 19. Bxe5 Ne4 20. Qf4 Bxf1
21. Rxf1 Qf8 22. Nd4 Qxf4 23. Bxf4 Kf7 24. Rd1 Rc8 25. Kf1 a6 26. Be5 Bd8 27.
Ke2 Bf6 28. Nf3 Rc5 29. Bf4 Bxc3 30. bxc3 Nxc3+ 31. Kd2 Nxd1 32. Kxd1 Ra5 33.
Ne5+ Ke7 34. a3 Rxa3 35. Bd2 Ra4 36. f4 Kd6 37. Kc2 d4 38. Kd3 Kd5 39. Bc1 Ra2
40. Bd2 b5 0-1

[Event "National Capital op"]
[Site "Ottawa CAN"]
[Date "2018.11.18"]
[Round "4"]
[White "Pace, Anthony"]
[Black "Adriaanse, Adam"]
[Result "0-1"]
[WhiteElo "1918"]
[BlackElo "2177"]
[PlyCount "35"]
[EventDate "2018.11.16"]
[EventType "swiss"]
[EventRounds "5"]
[EventCountry "CAN"]

1. c4 Nf6 2. Nc3 e6 3. g3 d5 4. Bg2 Be7 5. d3 O-O 6. Nf3 b6 7. Bf4 Bb7 8. O-O
c5 9. a3 Nc6 10. Qa4 Qd7 11. Bh3 d4 12. Nb1 Ne5 13. Qxd7 Nxf3+ 14. exf3 Nxd7
15. Nd2 g5 16. Bd6 Bxd6 17. Ne4 Be7 18. Rae1 0-1

[Event "National Capital op"]
[Site "Ottawa CAN"]
[Date "2018.11.18"]
[Round "4"]
[White "Pace, Christopher"]
[Black "Simic, Dusan"]
[Result "1-0"]
[WhiteElo "2247"]
[BlackElo "2158"]
[PlyCount "79"]
[EventDate "2018.11.16"]
[EventType "swiss"]
[EventRounds "5"]
[EventCountry "CAN"]

1. c4 Nf6 2. Nc3 g6 3. e4 d6 4. d4 Bg7 5. Nf3 O-O 6. Be2 e5 7. O-O Nbd7 8. d5
Nc5 9. Qc2 a5 10. Be3 Nfd7 11. Nd2 f5 12. f3 f4 13. Bf2 g5 14. g4 fxg3 15. hxg3
Nf6 16. Be3 Nh5 17. Kg2 Nd7 18. Rh1 Nf4+ 19. gxf4 exf4 20. Bf2 Ne5 21. Bd4 Qe8
22. Bxe5 Bxe5 23. Nd1 Qg6 24. Nf2 h5 25. Rag1 Kf7 26. Kf1 Bd7 27. c5 Rab8 28.
Nc4 Bd4 29. cxd6 cxd6 30. Qd2 Bxf2 31. Kxf2 b5 32. Nxa5 g4 33. Nc6 g3+ 34. Kf1
Qg5 35. Nxb8 Rxb8 36. Rxh5 Qxh5 37. Qxf4+ Ke7 38. Rxg3 Rf8 39. Rg7+ Ke8 40.
Qxd6 1-0

[Event "National Capital op"]
[Site "Ottawa CAN"]
[Date "2018.11.18"]
[Round "4"]
[White "Sadeghi, Saeid"]
[Black "Yao, Houji"]
[Result "1-0"]
[WhiteElo "2131"]
[BlackElo "2147"]
[PlyCount "81"]
[EventDate "2018.11.16"]
[EventType "swiss"]
[EventRounds "5"]
[EventCountry "CAN"]

1. d4 Nf6 2. Bg5 e6 3. Nd2 h6 4. Bh4 c5 5. e3 Nc6 6. Ngf3 d5 7. c3 Bd6 8. Bd3
O-O 9. Rc1 e5 10. dxe5 Nxe5 11. Nxe5 Bxe5 12. Bb1 g5 13. Bg3 Re8 14. O-O Bxg3
15. hxg3 b6 16. Nf3 Qe7 17. Bd3 Bb7 18. Re1 Red8 19. Qe2 Rd6 20. Ba6 Re8 21.
Bxb7 Qxb7 22. Qc2 Rde6 23. Red1 Qe7 24. a3 Rd8 25. b4 g4 26. Nh2 Re4 27. Qb3 h5
28. c4 d4 29. exd4 Rdxd4 30. Rxd4 Re1+ 31. Rxe1 Qxe1+ 32. Nf1 cxd4 33. Qd3 Qe4
34. Qd2 Kf8 35. c5 Ke7 36. cxb6 axb6 37. a4 Qd5 38. a5 bxa5 39. bxa5 Kd7 40. a6
Kc7 41. Qf4+ 1-0

[Event "National Capital op"]
[Site "Ottawa CAN"]
[Date "2018.11.18"]
[Round "4"]
[White "Sambuev, Bator"]
[Black "Dukic, Zachary"]
[Result "1-0"]
[WhiteElo "2559"]
[BlackElo "2315"]
[PlyCount "25"]
[EventDate "2018.11.16"]
[EventType "swiss"]
[EventRounds "5"]
[EventCountry "CAN"]

1. d4 Nf6 2. g3 c5 3. Nf3 cxd4 4. Nxd4 e5 5. Nb3 d5 6. Bg2 h6 7. O-O Be7 8. c4
d4 9. e3 dxe3 10. Qxd8+ Bxd8 11. Bxe3 Nc6 12. Nc3 Be6 13. Nc5 1-0

[Event "National Capital op"]
[Site "Ottawa CAN"]
[Date "2018.11.18"]
[Round "4"]
[White "Tomb, Maroun"]
[Black "Gordon, David"]
[Result "1/2-1/2"]
[WhiteElo "2302"]
[BlackElo "2301"]
[PlyCount "94"]
[EventDate "2018.11.16"]
[EventType "swiss"]
[EventRounds "5"]
[EventCountry "CAN"]

1. e4 c5 2. Ne2 Nf6 3. Nbc3 Nc6 4. g3 d5 5. exd5 Nxd5 6. Bg2 Nxc3 7. bxc3 e5 8.
O-O Be7 9. d3 O-O 10. Be3 Be6 11. c4 Qd7 12. Nc3 Rad8 13. Nd5 Bd6 14. Rb1 b6
15. a4 Bh3 16. Bxh3 Qxh3 17. Qf3 Qd7 18. Bd2 Nd4 19. Qd1 Qxa4 20. Ra1 Qd7 21.
Bc3 Nc6 22. Re1 Rfe8 23. Qf3 Re6 24. h4 Rf8 25. h5 f5 26. Kg2 Bb8 27. Re2 Qf7
28. Rh1 Rfe8 29. g4 g6 30. g5 Nd4 31. Bxd4 cxd4 32. Nf6+ Rxf6 33. gxf6 Qxf6 34.
Qd5+ Qe6 35. Qb7 Qe7 36. Qc6 Kg7 37. Rh3 e4 38. Kh1 Qe5 39. Re1 Re6 40. Qd7+
Re7 41. Qd8 Bc7 42. Qa8 Bb8 43. hxg6 hxg6 44. Qc6 Rc7 45. Qa8 Re7 46. Qc6 Rc7
47. Qa4 Re7 1/2-1/2

[Event "National Capital op"]
[Site "Ottawa CAN"]
[Date "2018.11.18"]
[Round "5"]
[White "Pace, Christopher"]
[Black "Sambuev, Bator"]
[Result "0-1"]
[WhiteElo "2247"]
[BlackElo "2559"]
[PlyCount "40"]
[EventDate "2018.11.16"]
[EventType "swiss"]
[EventRounds "5"]
[EventCountry "CAN"]

1. c4 e5 2. Nc3 Nc6 3. g3 g6 4. Bg2 Bg7 5. e3 Nge7 6. Nge2 O-O 7. d4 exd4 8.
exd4 d6 9. O-O Bg4 10. h3 Bxe2 11. Nxe2 Nf5 12. Bxc6 bxc6 13. Qd3 Re8 14. g4
Qe7 15. Rd1 Qxe2 16. Qxe2 Rxe2 17. gxf5 Rae8 18. Kf1 Rc2 19. Be3 gxf5 20. b3
Re4 0-1

[Event "National Capital op"]
[Site "Ottawa CAN"]
[Date "2018.11.18"]
[Round "5"]
[White "Sadeghi, Saeid"]
[Black "Tomb, Maroun"]
[Result "0-1"]
[WhiteElo "2131"]
[BlackElo "2302"]
[PlyCount "94"]
[EventDate "2018.11.16"]
[EventType "swiss"]
[EventRounds "5"]
[EventCountry "CAN"]

1. d4 d6 2. e4 Nf6 3. Nc3 e5 4. dxe5 dxe5 5. Qxd8+ Kxd8 6. Bg5 Be6 7. O-O-O+
Kc8 8. f3 Nbd7 9. Nd5 c6 10. Nxf6 gxf6 11. Be3 h5 12. Kb1 Bc5 13. Bxc5 Nxc5 14.
Nh3 Kc7 15. Nf2 h4 16. Nd3 Nd7 17. Be2 Rag8 18. Rhg1 Rg7 19. f4 Rhg8 20. Bf3
Bg4 21. Bxg4 Rxg4 22. Rd2 h3 23. g3 exf4 24. Nxf4 Rxf4 25. Rgd1 Rxe4 26. Rxd7+
Kb6 27. Kc1 Rge8 28. R7d2 Re2 29. Rf1 Re1+ 30. Rxe1 Rxe1+ 31. Rd1 Re2 32. Rd2
Rg2 33. Kd1 Kc5 34. Ke1 Rxd2 35. Kxd2 Kd4 36. Ke2 Ke4 37. Kf2 f5 38. Ke2 f6 39.
Kf2 c5 40. c4 b6 41. b3 a6 42. a4 a5 43. Ke2 f4 44. gxf4 Kxf4 45. Kf2 f5 46.
Ke2 Ke4 47. Kf2 f4 0-1

[Event "National Capital op"]
[Site "Ottawa CAN"]
[Date "2018.11.18"]
[Round "5"]
[White "Yao, Houji"]
[Black "Van Rooy, Jake"]
[Result "1-0"]
[WhiteElo "2147"]
[BlackElo "1969"]
[PlyCount "77"]
[EventDate "2018.11.16"]
[EventType "swiss"]
[EventRounds "5"]
[EventCountry "CAN"]

1. e4 b6 2. d4 Bb7 3. Nc3 e6 4. Bd3 Bb4 5. Nge2 Nf6 6. a3 Be7 7. Be3 d6 8. f3
O-O 9. Qd2 d5 10. e5 Nfd7 11. Nd1 c5 12. c3 Ba6 13. Bxa6 Nxa6 14. b4 c4 15. O-O
Nc7 16. Nf2 a5 17. Nh3 axb4 18. axb4 Nb5 19. g4 Qc7 20. Ng3 Rxa1 21. Rxa1 Qb7
22. f4 Ra8 23. Rc1 Ra3 24. f5 Qa8 25. Nf4 Ra2 26. Qe1 g6 27. fxe6 fxe6 28. Nxe6
Nxe5 29. dxe5 d4 30. Bf2 d3 31. Qe3 Qc6 32. Nd4 Nxd4 33. Qxd4 Bg5 34. Rf1 b5
35. Ne4 Be7 36. Be3 Re2 37. Bh6 Rxe4 38. Qd8+ Bxd8 39. Rf8# 1-0

[Event "National Capital op U1900"]
[Site "Ottawa CAN"]
[Date "2018.11.16"]
[Round "1"]
[White "Kearnan, Daniel"]
[Black "Maheux, Pierre"]
[Result "1-0"]
[WhiteElo "1868"]
[BlackElo "1676"]
[PlyCount "77"]
[EventDate "2018.11.16"]
[EventType "swiss"]
[EventRounds "5"]
[EventCountry "CAN"]

1. d4 c5 2. d5 e5 3. c4 d6 4. Nc3 Bf5 5. e4 Bg6 6. g3 Be7 7. h4 h5 8. Bg2 Nf6
9. Nh3 Nbd7 10. Bd2 a6 11. a4 Qc7 12. Qe2 O-O-O 13. a5 Kb8 14. O-O Rdf8 15.
Rfb1 Nh7 16. b4 f5 17. b5 Ka8 18. bxa6 bxa6 19. exf5 Bxf5 20. Ne4 g5 21. Bxg5
Bxg5 22. hxg5 Qd8 23. Qb2 Qb8 24. Qxb8+ Rxb8 25. Rxb8+ Nxb8 26. Nxd6 Bxh3 27.
Bxh3 Nxg5 28. Bg2 h4 29. gxh4 Rxh4 30. Nc8 Kb7 31. Nb6 Kc7 32. Ra3 e4 33. Rg3
Rh5 34. f4 exf3 35. Bxf3 Nxf3+ 36. Rxf3 Rh7 37. Rf6 Nd7 38. Rc6+ Kb7 39. Nxd7
1-0

[Event "National Capital op U1900"]
[Site "Ottawa CAN"]
[Date "2018.11.16"]
[Round "1"]
[White "Laurin, Marcel"]
[Black "Sztuka, Jeremy"]
[Result "1/2-1/2"]
[WhiteElo "1751"]
[BlackElo "1639"]
[PlyCount "55"]
[EventDate "2018.11.16"]
[EventType "swiss"]
[EventRounds "5"]
[EventCountry "CAN"]

1. d4 b5 2. e4 b4 3. c4 Bb7 4. d5 e6 5. Be3 exd5 6. cxd5 Nf6 7. Nd2 Be7 8. Ngf3
O-O 9. Bd3 a5 10. b3 d6 11. Nc4 Nbd7 12. Nd4 Nc5 13. Nc6 Nxd3+ 14. Qxd3 Bxc6
15. dxc6 d5 16. exd5 Qxd5 17. Qxd5 Nxd5 18. O-O Nc3 19. Rfe1 Bf6 20. Kf1 Rfe8
21. Bf4 Nd5 22. Be5 Bxe5 23. Rxe5 Rxe5 24. Nxe5 Ne7 25. Rd1 f6 26. Rd7 Re8 27.
Nc4 Nxc6 28. Rxc7 1/2-1/2

[Event "National Capital op U1900"]
[Site "Ottawa CAN"]
[Date "2018.11.16"]
[Round "1"]
[White "Martin, Spencer"]
[Black "Dupont-Mageau, Nicolas"]
[Result "1-0"]
[WhiteElo "1683"]
[BlackElo "1400"]
[PlyCount "79"]
[EventDate "2018.11.16"]
[EventType "swiss"]
[EventRounds "5"]
[EventCountry "CAN"]

1. e4 d6 2. d4 Nf6 3. f3 g6 4. Be3 Bg7 5. Nc3 O-O 6. Qd2 Nbd7 7. Bh6 e5 8. Bxg7
Kxg7 9. d5 Qe7 10. Qg5 Nxd5 11. Qxe7 Nxe7 12. Nb5 c6 13. Nxd6 Nb6 14. Nxc8
Raxc8 15. O-O-O Rfd8 16. Rxd8 Rxd8 17. Bd3 Na4 18. Nh3 Nc5 19. Nf2 Nxd3+ 20.
Nxd3 Kf6 21. Rd1 b6 22. c3 c5 23. Kc2 c4 24. Nxe5 Rxd1 25. Ng4+ Kg5 26. Kxd1
Nc6 27. Ke2 h5 28. Ne3 b5 29. g3 Ne7 30. Nc2 Nc6 31. h4+ Kf6 32. Nd4 Nxd4+ 33.
cxd4 Ke6 34. Kd2 b4 35. Ke3 Kd6 36. f4 a5 37. Kd2 f6 38. Kc2 a4 39. a3 f5 40.
e5+ 1-0